000 00570nam a22002177a 4500
003 OSt
005 20140310183114.0
008 130201t xxu||||| |||| 00| 0 eng d
020 _a9789712722004
050 _aHX406.5
_b.Ab148 2010
082 _aFIL 321
_bR454 2010
245 _aRevisiting Marxism in the Philippines
_cAbinales, Patricio N.
_bSelected Essays
260 _aManila
_bAnvil
_c2010
300 _a183 p.
_c23 cm
521 _aCollege
526 _c1210L-1700L
541 _j1
541 _j2
562 _e2
942 _2lcc
_cBK
_kFIL
999 _c18882
_d18882